Datum a čas kvízu
20.5
Celkem bodů
Celkový počet nahraných bodů na tomto kvízu bez doplňovacích otázek.
6.
Pořadí na kvízu
Konečné umístění týmu na tomto kvízu.
Zaznamenané odpovědi
| # | Otázka | Odpověď | Body | Výsledky |
|---|---|---|---|---|
| 1. | V noci na pátek se v pražské z... | gorila | 1 | |
| 2. | Nevšední hříšník uvízl v pondě... | C) holub | 1 | |
| 3. | Ve zprávách se minulý týden ob... | Čečensko | 0 | |
| 4. | Andrej Babiš se na sociálních... | Věra Jourová | 1 | |
| 5. | Tým Boston Celtics se minulý t... | C | 0 | |
| 6. | V pěti otázkách tohoto tématu... | na 2. stupni | 1 | |
| 7. | Jaká je denní dávka kuchyňské... | B | 1 | |
| 8. | Po kterém vzácném minerálu se... | po diamantu | 0 | |
| 9. | Jak zní obchodní název takzvan... | Praganda | 1 | |
| 10. | Jeden z nejznámějších a nejsta... | D) Wieliczka | 0 |